India Decoder - Statistics

General Stats
  • This quiz has been taken 317 times
  • The average score is 14 of 19
Answer Stats
Clue Answer % Correct
T Shah Jahan's wife's mausoleum Taj Mahal
94%
H हिन्दी, the national language Hindi
92%
R national currency rupee
92%
A city of Taj Mahal Agra
90%
P country created by 1947 partition Pakistan
89%
M city where Slumdog Millionaire was set Mumbai
84%
U northern state, pop 200 million {Uttar} Pradesh
84%
I Kashmir's (and Pakistan's) main river Indus
80%
N India's first prime minister (1947 to 1964) Jawaharlal {Nehru}
78%
N Tamil for state, hence the state Tamil ____ Nadu
77%
H mountain range of Kangchenjunga, India's highest peak Himalaya
74%
A city of the Sikh Golden Temple Amritsar
68%
V city on the Ganges, also known as Benares Varanasi
68%
A eastern state {Andhra} Pradesh
66%
R one of two great ancient epic poems (the other is the Mahabarata) Ramayana
65%
T crop grown mostly in hill country tea
62%
A world's biggest city that starts with A Ahmedabad
53%
U Dalits, the lowest caste untouchables
49%
capital city of Kerala state Thiruvananthapuram
46%
No matching quizzes found
Score Distribution
Percent of People with Each Score
Percentile by Number Answered
Your Score History
You have not taken this quiz